000 06104cam a22019934i 4500
003 PE-LiUPU
005 20250813165953.0
008 150706s2012 sp a rb 000 0 spa d
020 _a9788496709867
035 _a(Sirsi) i9788496709867
040 _aPE-LiUPU
_bspa
_cPE-LiUPU
_erda
049 _aPRUA
082 0 4 _a664.028
_bM63
_221
082 0 4 _a664.028
_bM63 2012
100 1 _aMiranda-Zamora, William Rolando,
_eautor.
245 1 0 _aPrincipios matemáticos del proceso térmico de alimentos /
_cWilliam Rolando Miranda-Zamora, Arthur A. Teixeira.
250 _aPrimera edición.
264 1 _aEspaña :
_bA.Madrid Vicente,
_c2012.
300 _a559 páginas :
_bilustraciones ;
_c24 centimetros
336 _atext
_2rdacontent
337 _aunmediated
_2rdamedia
338 _avolume
_2rdacarrier
504 _aContiene bibliografía al final de cada capítulo.
505 0 _aSoftware de ordenador -- Revisión de principios matemáticos -- Principios de transferencia de calor -- Principios de tratamiento térmico -- Evolución Histórica de los modelos de esterilización de alimentos envasados -- Métodos generales de bigelow et al -- Método de Ball en detalle -- Método de stumbo en detalle -- Método de hayakawa en detalle -- Método de pham en detalle -- Procedimiento de la nueva línea de intersección revisada.
526 _aP203
526 _aP200
526 _aSEG65
526 _aSEG64
526 _aSEG63
526 _aSEG62
526 _aSEG61
526 _aSEG60
526 _aSEG59
526 _aSEG58
526 _aSEG57
526 _aSEG56
526 _aSEG55
526 _aSEG54
526 _aSEG53
526 _aSEG52
526 _aSEG51
526 _aSEG50
526 _aSEG49
526 _aSEG48
526 _aSEG47
526 _aSEG46
526 _aSEG24
526 _aSEG23
526 _aSEG22
526 _aSEG21
526 _aSEG20
526 _aSEG19
526 _aSEG18
526 _aSEG17
526 _aSEG16
526 _aSEG14
526 _aSEG13
526 _aSEG12
526 _aSEG11
526 _aSEG10
526 _aSEG09
526 _aSEG06
526 _aSEG05
526 _aSEG04
526 _aSEG03
526 _aSEG02
526 _aSEG68
526 _aSEG66
526 _aSEG45
526 _aSEG25
526 _aSEG01
526 _aP163
526 _aP162
526 _aP161
526 _aP160
526 _aP159
526 _aP158
526 _aP157
526 _aP156
526 _aP155
526 _aP154
526 _aP153
526 _aP152
526 _aP151
526 _aP150
526 _aP149
526 _aP142
526 _aP141
526 _aP140
526 _aP139
526 _aP138
526 _aP137
526 _aP132
526 _aP131
526 _aP130
526 _aP126
526 _aP125
526 _aP124
526 _aP123
526 _aP115
526 _aP122
526 _aP121
526 _aP116
526 _a P114
526 _aP112
526 _aP111
526 _aP104
526 _aP103
526 _aP102
526 _aP101
526 _aP100
526 _aP96
526 _aP95
526 _aP93
526 _aP92
526 _aP91
526 _aP88
526 _aP83
526 _aP82
526 _aP79
526 _aP78
526 _aP75
526 _aP74
526 _aP71
526 _aP69
526 _a P51
526 _aP49
526 _aP48
526 _aP47
526 _aP33
526 _aP31
526 _a P30
526 _aP29
526 _aP27
526 _aP26
526 _aP25
526 _aP24
526 _a P22
526 _aP10
526 _aP09
526 _a P08
526 _aP06
526 _aP05
526 _aP04
526 _aP01
541 _g015-0016267;
541 _FAlimentos;
541 _g043-0021945;
650 0 4 _aConservación de alimentos
_xProgramas para computadores.
650 0 4 _aIndustrias alimenticias
_xProgramas para computadores.
650 0 4 _aManipulación de alimentos
_xProgramas para computadores.
650 0 4 _aEsterilización de alimentos
_xProgramas para computadores.
650 0 4 _aEnvasado de alimentos
_xProgramas para computadores.
650 0 4 _aTecnología de alimentos
_xProgramas para computadores.
700 1 _aTeixeira, Arthur A.,
_eautor.
910 _agl
_cbbr
910 _btqv
_caic
_d20170214
942 _2ddc
_cBOOK
949 _a664.028 M63
_wDEWEY
_c1
_i69478
_lCCODEBUL1
_mBUL
_p64.00
_r0
_sY
_tBOOK
_u2015-7-6
_xINGENIERIA
_PP26
_o.STAFF. Colección General
949 _a664.028 M63 2012
_wDEWEY
_c1
_iFJ04456
_lCCODEBUJ1
_mBUJ
_p25.00
_r0
_sY
_tBOOK
_u2016-11-21
_xINGENIERIA
_PP26
_0COMPRA
_o.STAFF. Colección General Juliaca
949 _a664.028 M63 2012
_wDEWEY
_c2
_iFJ04457
_lCCODEBUJ1
_mBUJ
_p25.00
_r0
_sY
_tBOOK
_u2016-11-21
_xINGENIERIA
_PP26
_0COMPRA
_o.STAFF. Colección General Juliaca
949 _a664.028 M63 2012
_wDEWEY
_c3
_iFJ06835
_lCCODEBUJ1
_mBUJ
_p60.88
_r0
_sY
_tBOOK
_u2017-02-14
_xINGENIERÍA
_PP24
_0COMPRA
_o.STAFF. Colección General Juliaca
994 _aC0
_bPEPRU
596 _a1 3
999 _a664.028 M63
_wDEWEY
_c56275
_i69478
_d56275
_e2022-7-3
_f2021-11-9
_g7
_lCCODEBUL1
_mBUL
_n13
_p64.00
_q8
_r0
_sY
_tBOOK
_u2015-7-6
_xINGENIERIA
_PP26
_0COMPRA
_o.STAFF. Colección General
999 _a347.615 M63 2012
_wDEWEY
_c1
_iFJ04456
_f2022-1-18
_g4
_lCCODEBUJ1
_mBUJ
_p25.00
_r0
_sY
_tBOOK
_u2015-10-7
_xINGENIERIA
_PP26
_0COMPRA
_o.STAFF. Colección General Juliaca
999 _a347.615 M63 2012
_wDEWEY
_c2
_iFJ04457
_f2022-1-18
_g4
_lCCODEBUJ1
_mBUJ
_p25.00
_r0
_sY
_tBOOK
_u2015-10-14
_xINGENIERIA
_PP26
_0COMPRA
_o.STAFF. Colección General Juliaca
999 _a347.615 M63 2012
_wDEWEY
_c1
_iFJ06835
_f2022-1-18
_g4
_lCCODEBUJ1
_mBUJ
_p60.88
_r0
_sY
_tBOOK
_u2017-2-14
_xINGENIERIA
_PP26
_0COMPRA
_o.STAFF. Colección General Juliaca
980 _81
_gALBERTO SANCHEZ Responsable de Automatización